000 00682nam a22002177a 4500
003 UA-OsUOA
001 72992
007 ta
008 20110208b un ||||| |||| 00| 0 ukr d
100 _aСнєгирьов Д.
090 _a94(477)
_bС53
942 _cSA
040 _aUA-OsUOA
_bukr
_cUA-OsUOA
_dUA-OsUOA
245 _aПовстанці Луганщини. Як чекісти провокативними методами руйнували зсередини потужний народний рух
300 _aС.9
955 _a0
041 _aukr
080 _a94(477)
773 0 _w72991
650 7 _a9 Географія. Біографії. Історія
_2UDC
999 _c359274
_d359274